Adèle - Paroles Hello - Statistiques

Statistiques générales
  • Ce quiz a été pris 167 fois
    117 depuis la dernière actualisation
  • Le résultat moyen est 233 sur 361
Statistiques - réponses
Hint Réponse % Correct
heal
100%
Couplet 1 | Couplet 2 Hello,
99%
Refrain Hello
99%
hello
99%
I
99%
Bridge Ooh
96%
it
94%
the
94%
a
93%
it's
93%
It's
93%
me
93%
me?
93%
to
93%
To
93%
you
91%
you?
91%
from
88%
side
87%
side)
87%
other
84%
(other
84%
who
84%
so
83%
Refrain So
83%
was
83%
ever
81%
if
80%
be
78%
I'm
78%
that
78%
time
78%
everything
77%
hear
77%
tell
77%
all
75%
for
75%
can
74%
sorry
74%
wondering
74%
and
71%
And
71%
time's
71%
times
71%
times)
71%
after
70%
go
70%
we
70%
I've
68%
(I've
68%
When
68%
when
68%
like
67%
say
67%
your
67%
call,
65%
done
65%
but
64%
But
64%
over
64%
thousand
64%
(thousand
64%
us
64%
where
64%
are
62%
Are
62%
how
61%
never
61%
these
61%
years
61%
out
59%
They
59%
heart
58%
in
58%
anymore
55%
Anymore
55%
breaking
55%
called
55%
were
55%
outside
54%
(outside)
54%
seem
54%
used
54%
you'd
54%
California
52%
free
52%
home
52%
must've
52%
tried
52%
tried)
52%
at
51%
At
51%
meet
51%
young
51%
supposed
48%
don't
46%
least
46%
apart
45%
between
45%
doesn't
45%
such
45%
about
43%
difference
43%
dreaming
43%
million
43%
much
43%
matter,
42%
no
42%
of
42%
Pré-refrain There's
39%
miles
38%
talk
38%
world
38%
you're
38%
clearly
36%
hope
36%
Did
35%
healing
35%
myself,
35%
our
35%
typical
35%
before
33%
feet
33%
fell
33%
secret
33%
felt
32%
make
32%
running
32%
ya,
32%
ain't
30%
tear
30%
well
30%
both
29%
forgotten
28%
happened?
23%
town
22%
nothing
19%
(Highs,
10%
highs,
10%
highs)
10%
(lows,
10%
lows,
10%
lows),
10%
lows)
10%
Aucun quiz correspondant
Distribution des résultats
% des personnes avec chaque résultat
Percentile par nombre de réponses
Votre historique - résultats
Vous n’avez pas pris ce quiz depuis la dernière actualisation